| 000 | 00795nmm a2200229Ia 4500 | ||
|---|---|---|---|
| 008 | 251105s9999||||xx |||||||||||||||||und|| | ||
| 020 | _a9788480489133 | ||
| 041 | _aspa | ||
| 100 | _aÁfrica, Carolina | ||
| 245 | 0 |
_aVII Laboratorio de Escritura Teatral (LET) : _b El cuaderno de Pitágoras Banzo, el aliento de las ancestras Tetas Cráneo rojo sobre fondo sueño Naranja y rojo Tu hija |
|
| 264 |
_a[Madrid, España] : _bFundación SGAE, _c2019 |
||
| 300 | _a561 páginas | ||
| 490 | _aTeatroautor | ||
| 650 | _aSpanish theater | ||
| 700 | _a Duncan, Denise | ||
| 700 | 1 | _a Gómez Glez, Mar | |
| 700 | 1 | _a Rodríguez Rodríguez, Nieves | |
| 700 | 1 | _a Soler, Carmen | |
| 700 | 1 | _a Szpunberg, Victoria | |
| 856 | _uhttps://public.digitaliapublishing.com/a/99008 | ||
| 942 | _cCF | ||
| 999 |
_c61600 _d61600 |
||